| 000 | 00877nam a2200289Ia 4500 | ||
|---|---|---|---|
| 003 | OSt | ||
| 005 | 20250212091553.0 | ||
| 008 | 210210b2006 xxu||||| |||| 00| 0 eng d | ||
| 020 | _a8173028680 | ||
| 040 | _cAL | ||
| 041 | _aKannada | ||
| 082 | _aK894.9 PRAE | ||
| 100 |
_aPRADHAN GURUDATTA _dಪ್ರಧಾನ್ ಗುರುದತ್ತ _9199237 |
||
| 245 |
_aH Tipperudrasvami _bಎಚ್ ತಿಪ್ಪೇರುದ್ರಸ್ವಾಮಿ |
||
| 260 |
_aBengaluru _bNavakaranataka Prakashana _c2006 |
||
| 300 | _a119 | ||
| 650 |
_aTipperudrasvami _9199238 |
||
| 650 |
_aTaranatha _9199239 |
||
| 650 |
_aEs _9199240 |
||
| 650 |
_aEn _9199241 |
||
| 650 |
_aEch _9199242 |
||
| 650 |
_aby _9199243 |
||
| 690 |
_aKannada Criticism _9199244 |
||
| 700 |
_aN S Taranatha _dಎನ್ ಎಸ್ ತಾರಾನಾಥ _9199245 |
||
| 906 | _a061848 | ||
| 942 |
_2ddc _cBK |
||
| 999 |
_c115885 _d115885 |
||